00708nam a2200253Ia 450000500170000000800460001702000180006303700100008104000080009104000080009904000080010704100080011504100080012308400080013110000260013924500460016526000300021126000090024165000330025085600490028394200100033299900210034295200910036320260306164522.0008 260114s9999 xx 000 0 eng d a9780199940844 aEBOOK aCRL beng cCRL 2eng aeng qCRL aChetan Ghate91130957 4aThe Oxford Handbook Of The Indian Economy bOxford University Press c2012 aBusiness Economics & Finance uhttps://academic.oup.com/edited-volume/28127 cEBOOK c1714362d1714362 00104070aCRLbCRLd2026-03-06l0pCL2006883r2026-03-06 16:45:22w2026-03-06yEBOOK